| 000 | 01165nam a2200229Ia 4500 | ||
|---|---|---|---|
| 001 | L250-16902 | ||
| 003 | IT-CnALBA | ||
| 008 | 170116s9999||||xx |||||||||||||| ||und|| | ||
| 040 |
_aIT-CnALBA _cIT-CnALBA |
||
| 041 | _aITALIANO | ||
| 100 | _aBIENNATI PIETRO, CAN. | ||
| 245 | 0 | _aTRIBUTI LOCALI. (IMPOSTE E SOVRIMPOSTE COMUNALI E PROVINCIALI). | |
| 250 | _a1a ed. | ||
| 260 |
_a BERGAMO _bSESA SOC. EDIZ. S. ALESS. _c1937 [1° Ed.:1937 - Ed.Ling.Originale: 1937] |
||
| 300 | _a153 p. | ||
| 500 | _aIMPOSTE AL CONSUMO. TARIFFA MASSIMA. ESENZIONI. RIMBORSI PENALITA'. IMPOSTA DI FAMIGLIA. RASSA PER OCCUPAZIONE DI AREE PUBBLICHE. DIRITTI DI PESO. CONTRIBUTO DI MIGLIORIA. TRIBUTI PROVINCIALI. ACCERTAMENTO E CONTENZIOSO. | ||
| 501 | _aSocietà San Paolo EM - Piazza San Paolo, 14 - 12051 ALBA (CN) (non commercial uses only) ® Copyright 2017 | ||
| 520 | _aIMPOSTE AL CONSUMO. TARIFFA MASSIMA. ESENZIONI. RIMBORSI PENALITA'. IMPOSTA DI FAMIGLIA. RASSA PER OCCUPAZIONE DI AREE PUBBLICHE. DIRITTI DI PESO. CONTRIBUTO DI MIGLIORIA. TRIBUTI PROVINCIALI. ACCERTAMENTO E CONTENZIOSO. | ||
| 650 | _aTEOLOGIA PASTORALE | ||
| 942 | _cBK | ||
| 957 | _71 | ||
| 999 |
_a21646 _bSI _g Copie: 1 _c276057 _d276057 |
||